LEADER 01306nam2 22003131i 450 001 990005611550403321 005 20220520115242.0 035 $aFED01000561155 100 $a19990530d1980----km-y0itay50------ba 101 0 $afre 102 $aFR 105 $ayf y 001yy 200 1 $a<<2.: >>Vases de pierre et de metal, vannerie, figurines et reliefs d'applique, elements de parure et de decoration, armes, sceaux et empreintes$fpar Beatrice Detournay, Jean-Claude Poursat et Frieda Vandenabeele 210 $aParis$cPaul Geuthner$d1980 215 $a258 p., [4] p. di tav.$cc. topogr.$d28 cm 225 1 $aÉtudes crètoises$v26 461 0$1001000561146$12001$aFouilles executees a Mallia$eLe quartier mu$f[Jean-Claude Poursat, Jean-Pierre Olivier Beatrice Detournay] 610 0 $aScavi archeologici$aMalia 676 $a939.18$v22$zita 700 1$aDetournay,$bBtatrice$0400934 702 1$aPoursat,$bJean-Claude 702 1$aVandenabeele,$bFrieda 801 0$aIT$bUNINA$gRICA$2UNIMARC 901 $aBK 912 $a990005611550403321 952 $a939.18 ET CRET 1 (26)$bARCH. 18836$fFLFBC 959 $aFLFBC 996 $aVases de pierre et de metal, vannerie, figurines et reliefs d'applique, elements de parure et de decoration, armes, sceaux et empreintes$91506764 997 $aUNINA LEADER 01768nas 2200397 n 450 001 990008898530403321 005 20240229084334.0 011 $a0365-0812 035 $a000889853 035 $aFED01000889853 035 $a(Aleph)000889853FED01 035 $a000889853 091 $2CNR$aP 00000883 100 $a20090724a19039999km-y0itaa50------ba 101 0 $aita 102 $aIT 110 $aauu-------- 200 1 $aAnnali di botanica 207 1$a1903- 210 $aRoma$cUniversità di Roma, Dipartimento di biologia vegetale 421 0$12001$aAnnali di botanica. Studi sul territorio 430 0$1001000890282$12001$aAnnuario del R. Istituto Botanico di Roma 530 0 $aAnnali di botanica 675 $a58 675 $a580 712 02$aUniversità degli studi di Roma La Sapienza.$bDipartimento di biologia vegetale 801 0$aIT$bACNP$c20090723 859 4 $uhttp://acnp.cib.unibo.it/cgi-ser/start/it/cnr/dc-p1.tcl?catno=460&person=false&language=ITALIANO&libr=&libr_th=unina1$zBiblioteche che possiedono il periodico 901 $aSE 912 $a990008898530403321 958 $aBiblioteca. Dipartimento di Scienze biologiche. Sez. di Biologia vegetale. Università degli studi di Napoli Federico II$b1904-1998;$c1935-1937;1981-1982;$fDBV 959 $aDBV 996 $aAnnali di botanica$9247678 997 $aUNINA AP1 8 $6866-01$aNA163 Biblioteca. Dipartimento di Scienze biologiche. Sez. di Biologia vegetale. Università degli studi di Napoli Federico II$ev. Foria,223, Napoli (NA)$m(081) 440681$m(081) 450165$nit AP2 40$aacnp.cib.unibo.it$nACNP Italian Union Catalogue of Serials$uhttp://acnp.cib.unibo.it/cgi-ser/start/it/cnr/df-p.tcl?catno=460&language=ITALIANO&libr=&person=&B=1&libr_th=unina&proposto=NO